000 00721nam a2200253 i 4500
001 C2-0287402
003 PPAK
005 20180728020723.0
008 080206s2007 my a|||| ||||| | may d
020 _a9789833585991
040 _aPPAK
_beng
_cPPAK
_erda
082 0 4 _a616.890092
_223
090 0 0 _a616.890092
_bMOH
_dG
090 0 0 _a616.890092
_bMOH
_dR
100 0 _aMohd. Jamil Yaacob,
_eauthor
245 1 0 _aKerjaya sebagai psikiatris
264 1 _aKuala Lumpur :
_bPTS Professional Publishing ,
_c2007
300 _aviii, 152 pages :
_billustrations ;
_c23 cm
336 _2rdacontent
_atext
337 _2rdamedia
_aunmediated
338 _2rdacarrier
_avolume
650 1 0 _aPsychiatrists.
942 _ddc
_cB
999 _c93102
_d93102